Seasonal changes in avian densities and diversities (Registro nro. 11425)

Detalles MARC
000 -CABECERA
Campo de control 005960000a22001930004500
090 ## - CLASIFICACIÓN LOCAL
Colección AR
Consecutivo 02354
041 0# - IDIOMA
Código de idioma para texto/pista de sonido o título separado
100 1# - ASIENTO PRINCIPAL--NOMBRE PERSONAL
Nombre personal Anderson, Bertin W.
245 10 - MENCION DE TITULO
Título Seasonal changes in avian densities and diversities
650 14 - ASIENTO SECUNDARIO DE MATERIA - TERMINO TEMATICO
Término temático o nombre geográfico como elemento de entrada Avifauna
650 14 - ASIENTO SECUNDARIO DE MATERIA - TERMINO TEMATICO
Término temático o nombre geográfico como elemento de entrada Dinámica poblacional
650 14 - ASIENTO SECUNDARIO DE MATERIA - TERMINO TEMATICO
Término temático o nombre geográfico como elemento de entrada Diversidad
650 14 - ASIENTO SECUNDARIO DE MATERIA - TERMINO TEMATICO
Término temático o nombre geográfico como elemento de entrada Cambios de estación
651 #4 - ASIENTO SECUNDARIO DE MATERIA - NOMBRE GEOGRAFICO
-- Río Colorado
-- Arizona
-- Estados Unidos
700 1# - ASIENTO SECUNDARIO - NOMBRE PERSONAL
Nombre personal Ohmart, Robert D.
700 1# - ASIENTO SECUNDARIO - NOMBRE PERSONAL
Nombre personal Rice, Jake
773 1# - Item fuente:
Título Studies in Avian Biology
Especificación de materiales 1194
Descripción física 6
Paginas del Articulo 262-264
Lugar, editorial y fecha de publicación 1981
942 ## - ELEMENTOS ADICIONALES (KOHA)
Tipo de ítem Artículo
Existencias
Withdrawn status Lost status Damaged status No para préstamo Colección Ubicación Permanente Ubicación actual Fecha de adquisición Fuente de Valor Datos de publicación Seriada Total Checkouts Número topográfico Inventario / Código de Barras Date last seen Ejemplar Price effective from Forma de adquisición Tipo de material
      No para Préstamo Hemeroteca Bogotá Bogotá 27/02/2015 Academia Colombiana de Ciencias Exactas, Físicas y Naturales Fuera de circulación   AR 02354 012763 25/03/2015 1 25/03/2015   Artículo